000 00746nam a2200253Ia 4500
001 8375
005 20240113234107.0
007 ta
008 050719s1961 a g b000 u eng u
020 _a0 19 562392 4
040 _aCotton College Assam
041 _aeng
082 _a954.04
_bWo 83 Ti
100 _aWolpert, Stanely A..
245 0 _aTilak and Gokhale: Revolution and Reform in the Making of Modern India /
_cStanely A.Wolpert.
_hTextual Documents
250 _a1st ed /
260 _aBombay :
_bOxford Universsity Press ,
_c1961.
300 _a367p. :
_bill. ;
_c22cm. .
504 _aIndex
653 _aHistory-Revolution and Reform- Modern India
942 _2ddc
_cBK
999 _c8362
_d8362